Informe sociológico sobre la situación social de Madrid. (Record no. 56142)

MARC details
000 -LEADER
campo de control de longitud fija 00673nam a2200205 i 4500
001 - NÚMERO DE CONTROL
campo de control 56142
003 - IDENTIFICADOR DE NÚMERO DE CONTROL
campo de control ES-MaACL
005 - FECHA Y HORA DE LA ÚLTIMA TRANSACCIÓN
campo de control 20230906163307.0
007 - CAMPO FIJO DE DESCRIPCIÓN FÍSICA--INFORMACIÓN GENERAL
campo de control de longitud fija t|
008 - DATOS DE LONGITUD FIJA--INFORMACIÓN GENERAL
campo de control de longitud fija 191125s1967 sp ||||1| spa d
110 2# - ENTRADA PRINCIPAL--NOMBRE DE ENTIDAD CORPORATIVA
Nombre de entidad corporativa o nombre de jurisdicción como elemento de entrada Cáritas Diocesana de Madrid-Alcalá.
9 (RLIN) 168859
245 10 - MENCIÓN DEL TÍTULO
Título Informe sociológico sobre la situación social de Madrid.
260 ## - PUBLICACIÓN, DISTRIBUCIÓN, ETC.
Lugar de publicación, distribución, etc. Madrid :
Nombre del editor, distribuidor, etc. Caritas Diocesana de Madrid-Alcalá, etc.,
Fecha de publicación, distribución, etc. 1967.
300 ## - DESCRIPCIÓN FÍSICA
Extensión 393 p. :
Otras características físicas map. ;
Dimensiones 27 cm.
490 1# - MENCIÓN DE SERIE
Mención de serie Colección Fundación Foessa ;
Designación de volumen o secuencia 3
651 #4 - PUNTO DE ACCESO ADICIONAL DE MATERIA--NOMBRE GEOGRÁFICO
Nombre geográfico Madrid-
Subdivisión general Situación social.
9 (RLIN) 8982
830 0# - PUNTO DE ACCESO ADICIONAL DE SERIE-TÍTULO UNIFORME
Título uniforme Colección Fundación Foessa ;
Designación de volumen o secuencia 3
9 (RLIN) 193406
852 ## - LOCALIZACIÓN
Ubicación ES-MaACL
Número de control de estantería P-1086-3
Holdings
Estatus retirado Estado de pérdida Estado de daño No para préstamo Biblioteca de origen Biblioteca actual Ubicación en estantería Fecha de adquisición Fuente de adquisición Total de préstamos Signatura topográfica completa Código de barras Visto por última vez Precio de reemplazo Tipo de ítem Koha
        Biblioteca del Ateneo de Madrid Biblioteca del Ateneo de Madrid Depósito 2 25/11/2019     P-1058-3 1201282 23/02/2023 23/02/2023 Libro impreso